Nieblas

Gespeichert in:
Bibliographische Detailangaben
1. Verfasser: Izaguirre, Carlos
Format: Buch
Sprache:Undetermined
Veröffentlicht: México, Distrito Federal Cultura 1941
Schlagworte:
Tags: Tag hinzufügen
Keine Tags, Fügen Sie den ersten Tag hinzu!

MARC

LEADER 00000nam a2200000Ia 4500
008 170316s9999 xx 000 0 und d
040 |a cru BVZT 
090 |a 860 I-7n 
100 |a Izaguirre, Carlos 
245 |a Nieblas 
260 |a México, Distrito Federal 
260 |b Cultura 
260 |c 1941 
300 |a 190 páginas 
650 |a LITERATURA LATINOAMERICANA 
999 |c 8846  |d 8846 
942 |c 15 D  |h 860 I-7n  |2 z